000 00541nam a2200193 a 4500
001 1771666227408
003 YourLibrary
005 20260221150218.0
008 260221s1999##################000#0#eng##
020 _a9780815332367
082 0 4 _a338.64209
_bHUL
100 1 _aHull, Galen,
_eauthor.
245 1 0 _aSmall Businesses Trickling Up in Central and Eastern Europe :
260 _bTaylor & Francis,
_c1999.
300 _a298 pages
650 0 _aBusiness & Economics.
942 _cENGLISH
040 _aYourLibrary
_beng
_cYourLibrary
999 _c615283
_d615283